00458nam a2200169Ia 450000500170000000800410001702000150005808200210007310000150009424500640010926000480017330000180022165000110023965000110025065000140026165000130027520250117053647.0240331s9999 xx 000 0 und d a0631138862 bSTA23544a305.3 aStatham, J 0aDaughters and Sons:bExperiences of non-sexist childraising aOxfordaNew YorkbBasil Blackwell Ltdc1986 aviii, 205 p., aSexism aGender aMasculine aFeminine